| 000 | 00454nam a2200193Ia 4500 | ||
|---|---|---|---|
| 008 | 170918s9999 xx 000 0 und d | ||
| 020 | _a9780810988927 | ||
| 050 | _bK558d 2009 | ||
| 100 | _aKinney, Jeff | ||
| 245 | 4 | _aThe last straw / | |
| 245 | _cby Jeff Kinney. | ||
| 260 | _aUSA : | ||
| 260 | _bAmulet Books, | ||
| 260 | _c2009 | ||
| 300 | _a217 pages : | ||
| 300 | _billustrations ; | ||
| 300 | _c19cm. | ||
| 300 | _eDiary of a wimpy kid. | ||
| 999 |
_c343557 _d343557 |
||